| 000 | 00433nam a2200157 i 4500 | ||
|---|---|---|---|
| 001 | 81395 | ||
| 003 | ES-MaACL | ||
| 005 | 20230906174428.0 | ||
| 007 | t| | ||
| 008 | 041104s1962 sp ||||1| spa d | ||
| 100 | 1 |
_aHoz, Agustín de la. _964444 |
|
| 245 | 1 | 0 |
_aLanzarote / _cAgustín de la Hoz. |
| 260 |
_a[S.l. : _bs.n., _c1962] ( _eMadrid : _fAnro) |
||
| 300 |
_a286 p., 39 lám. ; _c25 cm. |
||
| 852 |
_aES-MaACL _jC-21944 _bR.50856 |
||
| 999 |
_c81395 _d81395 |
||